UBT Library

Focus--writing sentences and paragraphs / (Record no. 43702)

000 -LEADER
fixed length control field 00655pam a2200217 a 4500
001 - CONTROL NUMBER
control field 4520397
005 - DATE AND TIME OF LATEST TRANSACTION
control field 20180228071231.0
008 - FIXED-LENGTH DATA ELEMENTS--GENERAL INFORMATION
fixed length control field 990112s1999 njua 001 0 eng
010 ## - LIBRARY OF CONGRESS CONTROL NUMBER
LC control number 99011753
020 ## - INTERNATIONAL STANDARD BOOK NUMBER
International Standard Book Number 0139011412 (pbk.)
040 ## - CATALOGING SOURCE
Original cataloging agency DLC
Transcribing agency DLC
Modifying agency DLC
041 ## - LANGUAGE CODE
Language code of text/sound track or separate title eng
080 ## - UNIVERSAL DECIMAL CLASSIFICATION NUMBER
Universal Decimal Classification number 808.042 MAR
082 00 - DEWEY DECIMAL CLASSIFICATION NUMBER
Classification number 808.042 MAR
Edition number 21
100 1# - Rafti
Rafti Campbell, Martha E.
101 ## - Shkurtesa
Shkurtesa EDU
245 10 - TITLE STATEMENT
Title Focus--writing sentences and paragraphs /
Statement of responsibility, etc Martha E. Campbell.
906 ## - LOCAL DATA ELEMENT F, LDF (RLIN)
a 7
b cbc
c orignew
d 1
e ocip
f 19
g y-gencatlg
942 ## - ADDED ENTRY ELEMENTS (KOHA)
Source of classification or shelving scheme
Item type Books
Holdings
Withdrawn status Lost status Source of classification or shelving scheme Damaged status Not for loan Collection code Permanent location Current location Shelving location Date acquired Total Checkouts Full call number Barcode Date last seen Price effective from Koha item type
          Koleksioni i përgjithshem UBT - Lipjan UBT - Lipjan Koleksioni i përgjithshem 02/28/2018   808.042 MAR 002-3000121 02/28/2018 02/28/2018 Books
UBT Library © 2015-2024. All rights reserved University Education for Business and Technology